[Event "Stay Safe Play From Home 347"]
[Site "Emanuel Lasker Arena"]
[Date "2020.07.31"]
[Round "2"]
[White "SelamiSahin"]
[Black "Gibiz144"]
[Result "1-0"]
[WhiteElo "2151"]
[BlackElo "1595"]
[Annotator "NA"]
[PlyCount "73"]
[EventDate "2020.07.31"]
[EventType "swiss (blitz)"]

1. d4 {[%emt 0:00:01]} e6 {[%emt 0:00:01]} 2. c4 {[%emt 0:00:01]} b6 {[%emt 0:00:00]} 3. Nc3 {[%emt 0:00:00]} Bb7 {[%emt 0:00:00]} 4. e4 {[%emt 0:00:01]} Ne7 {[%emt 0:00:00]} 5. Bd3 {[%emt 0:00:00]} d6 {[%emt 0:00:00]} 6. Nge2 {[%emt 0:00:01]} g6 {[%emt 0:00:01]} 7. O-O {[%emt 0:00:01]} Bg7 {[%emt 0:00:01]} 8. Bg5 {[%emt 0:00:00]} h6 {[%emt 0:00:01]} 9. Be3 {[%emt 0:00:02]} Nd7 {[%emt 0:00:01]} 10. Qd2 {[%emt 0:00:00]} a6 {[%emt 0:00:01]} 11. f4 {[%emt 0:00:01]} f5 {[%emt 0:00:02]} 12. d5 {[%emt 0:00:01]} exd5 {[%emt 0:00:01]} 13. exd5 {[%emt 0:00:01]} Nf6 {[%emt 0:00:02]} 14. Nd4 {[%emt 0:00:01]} Bc8 {[%emt 0:00:02]} 15. Rae1 {[%emt 0:00:02]} O-O {[%emt 0:00:02]} 16. Bf2 {[%emt 0:00:02]} Bd7 {[%emt 0:00:01]} 17. Ne6 {[%emt 0:00:01]} Bxe6 {[%emt 0:00:01]} 18. Rxe6 {[%emt 0:00:00]} Re8 {[%emt 0:00:01]} 19. Rfe1 {[%emt 0:00:00]} Nc8 {[%emt 0:00:01]} 20. Qe2 {[%emt 0:00:01]} Rxe6 {[%emt 0:00:02]} 21. Qxe6+ {[%emt 0:00:00]} Kh7 {[%emt 0:00:02]} 22. Bd4 {[%emt 0:00:01]} Ng8 {[%emt 0:00:07]} 23. Bxf5 {[%emt 0:00:07]} Bxd4+ {[%emt 0:00:02]} 24. Kh1 {[%emt 0:00:03]} gxf5 {[%emt 0:00:01]} 25. Qxf5+ {[%emt 0:00:00]} Kh8 {[%emt 0:00:02]} 26. Re6 {[%emt 0:00:03]} Bg7 {[%emt 0:00:07]} 27. g3 {[%emt 0:00:02]} Qd7 {[%emt 0:00:02]} 28. Rxh6+ {[%emt 0:00:04]} Bxh6 {[%emt 0:00:02]} 29. Qxd7 {[%emt 0:00:00]} Nce7 {[%emt 0:00:01]} 30. Qxc7 {[%emt 0:00:01]} Rc8 {[%emt 0:00:02]} 31. Qxd6 {[%emt 0:00:02]} Bg7 {[%emt 0:00:01]} 32. Qxb6 {[%emt 0:00:03]} Rxc4 {[%emt 0:00:01]} 33. Qxa6 {[%emt 0:00:01]} Rd4 {[%emt 0:00:01]} 34. Qe2 {[%emt 0:00:01]} Nxd5 {[%emt 0:00:01]} 35. Qh5+ {[%emt 0:00:01]} Nh6 {[%emt 0:00:02]} 36. Nxd5 {[%emt 0:00:00]} Rd1+ {[%emt 0:00:02]} 37. Qxd1 {[%emt 0:00:01] Zeit (Lag: Av=0.58s, max=1.1s)} 1-0

[Event "Stay Safe Play From Home 347"]
[Site "Emanuel Lasker Arena"]
[Date "2020.07.31"]
[Round "2"]
[White "Little champs"]
[Black "TheCHESSHOUSE"]
[Result "1-0"]
[WhiteElo "2144"]
[BlackElo "2158"]
[PlyCount "83"]
[EventDate "2020.07.31"]
[EventType "swiss (blitz)"]

1. d4 {[%emt 0:00:02]} Nf6 {[%emt 0:00:02]} 2. e3 {[%emt 0:00:01]} g6 {[%emt 0:00:00]} 3. Nf3 {[%emt 0:00:00]} Bg7 {[%emt 0:00:00]} 4. Be2 {[%emt 0:00:00]} d6 {[%emt 0:00:01]} 5. O-O {[%emt 0:00:00]} O-O {[%emt 0:00:00]} 6. c4 {[%emt 0:00:00]} Nbd7 {[%emt 0:00:00]} 7. Nc3 {[%emt 0:00:00]} c6 {[%emt 0:00:00]} 8. d5 {[%emt 0:00:00]} Qc7 {[%emt 0:00:00]} 9. dxc6 {[%emt 0:00:01]} bxc6 {[%emt 0:00:00]} 10. Qc2 {[%emt 0:00:00]} Bb7 {[%emt 0:00:01]} 11. Rd1 {[%emt 0:00:00]} e5 {[%emt 0:00:01]} 12. b3 {[%emt 0:00:01]} Rac8 {[%emt 0:00:01]} 13. Bb2 {[%emt 0:00:00]} Rfd8 {[%emt 0:00:01]} 14. Rac1 {[%emt 0:00:01]} Nb6 {[%emt 0:00:00]} 15. a4 {[%emt 0:00:03]} a5 {[%emt 0:00:02]} 16. Ba3 {[%emt 0:00:04]} Ne8 {[%emt 0:00:03]} 17. Rd2 {[%emt 0:00:01]} d5 {[%emt 0:00:03]} 18. c5 {[%emt 0:00:01]} Nd7 {[%emt 0:00:01]} 19. b4 {[%emt 0:00:00]} Nf8 {[%emt 0:00:02]} 20. b5 {[%emt 0:00:01]} cxb5 {[%emt 0:00:02]} 21. axb5 {[%emt 0:00:00]} Ne6 {[%emt 0:00:03]} 22. c6 {[%emt 0:00:01]} Ba8 {[%emt 0:00:02]} 23. Nxd5 {[%emt 0:00:01]} Qa7 {[%emt 0:00:01]} 24. Ne7+ {[%emt 0:00:00]} Kh8 {[%emt 0:00:01]} 25. Nxc8 {[%emt 0:00:00]} Rxc8 {[%emt 0:00:00]} 26. Rd7 {[%emt 0:00:01]} Qb6 {[%emt 0:00:01]} 27. Rxf7 {[%emt 0:00:01]} N8c7 {[%emt 0:00:03]} 28. Rd7 {[%emt 0:00:02]} Nxb5 {[%emt 0:00:01]} 29. Bxb5 {[%emt 0:00:01]} Qxb5 {[%emt 0:00:00]} 30. Rd6 {[%emt 0:00:02]} Nf8 {[%emt 0:00:03]} 31. c7 {[%emt 0:00:02]} Bxf3 {[%emt 0:00:04]} 32. gxf3 {[%emt 0:00:01]} e4 {[%emt 0:00:01]} 33. Rd8 {[%emt 0:00:01]} Qg5+ {[%emt 0:00:02]} 34. Kf1 {[%emt 0:00:01]} Rxd8 {[%emt 0:00:02]} 35. cxd8=Q {[%emt 0:00:01]} Qxd8 {[%emt 0:00:00]} 36. Qxe4 {[%emt 0:00:01]} Qd7 {[%emt 0:00:01]} 37. Kg2 {[%emt 0:00:02]} h5 {[%emt 0:00:02]} 38. Bxf8 {[%emt 0:00:01]} Bxf8 {[%emt 0:00:01]} 39. Qxg6 {[%emt 0:00:01]} h4 {[%emt 0:00:02]} 40. Qh5+ {[%emt 0:00:01]} Kg8 {[%emt 0:00:01]} 41. Rc4 {[%emt 0:00:01]} Qg7+ {[%emt 0:00:01]} 42. Rg4 {[%emt 0:00:01] TheCHESSHOUSE resigns (Lag: Av=0.98s, max=2.2s)} 1-0

[Event "Stay Safe Play From Home 347"]
[Site "Emanuel Lasker Arena"]
[Date "2020.07.31"]
[Round "2"]
[White "Edmatuag"]
[Black "Hickey"]
[Result "0-1"]
[WhiteElo "1737"]
[BlackElo "2030"]
[PlyCount "78"]
[EventDate "2020.07.31"]
[EventType "swiss (blitz)"]

1. d3 {[%emt 0:00:02]} Nf6 {[%emt 0:00:02]} 2. c3 {[%emt 0:00:00]} e6 {[%emt 0:00:00]} 3. g3 {[%emt 0:00:00]} Be7 {[%emt 0:00:00]} 4. e4 {[%emt 0:00:00]} O-O {[%emt 0:00:00]} 5. Bg2 {[%emt 0:00:00]} d6 {[%emt 0:00:00]} 6. Ne2 {[%emt 0:00:00]} e5 {[%emt 0:00:00]} 7. O-O {[%emt 0:00:01]} Nc6 {[%emt 0:00:00]} 8. Nd2 {[%emt 0:00:01]} Be6 {[%emt 0:00:00]} 9. a3 {[%emt 0:00:01]} Qd7 {[%emt 0:00:00]} 10. Qc2 {[%emt 0:00:01]} Bh3 {[%emt 0:00:00]} 11. d4 {[%emt 0:00:01]} Bxg2 {[%emt 0:00:01]} 12. Kxg2 {[%emt 0:00:01]} exd4 {[%emt 0:00:00]} 13. cxd4 {[%emt 0:00:01]} Rfe8 {[%emt 0:00:00]} 14. d5 {[%emt 0:00:02]} Ne5 {[%emt 0:00:03]} 15. f3 {[%emt 0:00:03]} Bf8 {[%emt 0:00:03]} 16. h3 {[%emt 0:00:01]} c5 {[%emt 0:00:01]} 17. f4 {[%emt 0:00:01]} Ng6 {[%emt 0:00:01]} 18. g4 {[%emt 0:00:03]} h6 {[%emt 0:00:02]} 19. Nf3 {[%emt 0:00:02]} Nxe4 {[%emt 0:00:02]} 20. Ng3 {[%emt 0:00:03]} Nxg3 {[%emt 0:00:01]} 21. Kxg3 {[%emt 0:00:01]} Re7 {[%emt 0:00:01]} 22. Nh4 {[%emt 0:00:02]} Nxh4 {[%emt 0:00:02]} 23. Kxh4 {[%emt 0:00:00]} Rae8 {[%emt 0:00:01]} 24. Kg3 {[%emt 0:00:00]} Re2 {[%emt 0:00:02]} 25. Qc3 {[%emt 0:00:02]} Qe7 {[%emt 0:00:01]} 26. Rf3 {[%emt 0:00:01]} Qe4 {[%emt 0:00:01]} 27. Bd2 {[%emt 0:00:01]} Qxd5 {[%emt 0:00:01]} 28. Rd1 {[%emt 0:00:03]} Qc6 {[%emt 0:00:01]} 29. b4 {[%emt 0:00:02]} b6 {[%emt 0:00:01]} 30. Bc1 {[%emt 0:00:02]} d5 {[%emt 0:00:01]} 31. Bb2 {[%emt 0:00:01]} d4 {[%emt 0:00:01]} 32. Qc4 {[%emt 0:00:01]} Qe6 {[%emt 0:00:01]} 33. g5 {[%emt 0:00:01]} Qxc4 {[%emt 0:00:01]} 34. gxh6 {[%emt 0:00:04]} R2e3 {[%emt 0:00:01]} 35. Rdf1 {[%emt 0:00:02]} Rxf3+ {[%emt 0:00:01]} 36. Rxf3 {[%emt 0:00:00]} Re2 {[%emt 0:00:01]} 37. Bxd4 {[%emt 0:00:02]} Qxd4 {[%emt 0:00:01]} 38. h4 {[%emt 0:00:00]} Qg1+ {[%emt 0:00:00]} 39. Kh3 {[%emt 0:00:02]} Rh2# {[%emt 0:00:00] (Lag: Av=0.67s, max=1.2s)} 0-1

[Event "Stay Safe Play From Home 347"]
[Site "Emanuel Lasker Arena"]
[Date "2020.07.31"]
[Round "2"]
[White "Klasman"]
[Black "Padmaesh M K"]
[Result "0-1"]
[WhiteElo "1317"]
[BlackElo "1870"]
[Annotator "NA"]
[PlyCount "32"]
[EventDate "2020.07.31"]
[EventType "swiss (blitz)"]

1. f4 {[%emt 0:00:02]} e5 {[%emt 0:00:01]} 2. fxe5 {[%emt 0:00:01]} d6 {[%emt 0:00:00]} 3. Nf3 {[%emt 0:00:01]} dxe5 {[%emt 0:00:01]} 4. e4 {[%emt 0:00:01]} Nc6 {[%emt 0:00:04]} 5. Bb5 {[%emt 0:00:03]} Bd6 {[%emt 0:00:01]} 6. Nc3 {[%emt 0:00:05]} Bg4 {[%emt 0:00:01]} 7. O-O {[%emt 0:00:04]} Nf6 {[%emt 0:00:02]} 8. d3 {[%emt 0:00:05]} O-O {[%emt 0:00:02]} 9. Bg5 {[%emt 0:00:03]} Bc5+ {[%emt 0:00:02]} 10. Kh1 {[%emt 0:00:03]} h6 {[%emt 0:00:01]} 11. Bh4 {[%emt 0:00:01]} g5 {[%emt 0:00:01]} 12. Bg3 {[%emt 0:00:03]} Nh5 {[%emt 0:00:01]} 13. Bxe5 {[%emt 0:00:05]} Nxe5 {[%emt 0:00:02]} 14. d4 {[%emt 0:00:08]} Bxf3 {[%emt 0:00:06]} 15. gxf3 {[%emt 0:00:12]} Qxd4 {[%emt 0:00:01]} 16. Qxd4 {[%emt 0:00:02]} Bxd4 {[%emt 0:00:00] Time (Lag: Av=0.48s, max=1.2s)} 0-1

[Event "Stay Safe Play From Home 347"]
[Site "Emanuel Lasker Arena"]
[Date "2020.07.31"]
[Round "3"]
[White "NTBT_DHS"]
[Black "AChessPlayer"]
[Result "1-0"]
[WhiteElo "2592"]
[BlackElo "2447"]
[Annotator "TA"]
[PlyCount "145"]
[EventDate "2020.07.31"]
[EventType "swiss (blitz)"]

{[%evp 12,144,25,16,51,51,54,-1,8,-12,-21,-23,27,29,40,0,63,52,54,52,55,60,105,105,105,106,125,108,178,178,178,178,385,187,307,167,558,506,627,275,231,158,165,164,142,85,100,100,100,49,68,0,9,0,10,13,14,22,16,0,35,19,13,0,0,0,0,0,143,0,0,0,111,111,29985,29986,29988,29976,29985,29986,29990,29985,29987,29987,29987,29988,29989,29989,29991,29992,29992,29991,29991,29991,29991,29992,29992,29992,29993,29994,29994,29995,29997,29997,29998,29994,29994,29994,29994,29994,29994,29994,29994,29995,29997,29994,29994,29995,29997,29997,29998,29997,29997,29998,29998,29997,29998,29998,29998,29997,29997,29998,29998,29999,29999]} 1. e4 c6 2. Nf3 d5 3. exd5 cxd5 4. d4 Nc6 5. c4 Nf6 6. Nc3 e6 7. c5 g6 {B14: Caro-Kann: Panov-Botvinnik Attack with 5...e6 and 5...g6.} 8. Bb5 Bg7 {[#]} 9. Qa4 $146 (9. O-O $14) ({Predecessor:} 9. O-O O-O 10. Bf4 a6 11. Bxc6 bxc6 12. Bd6 Re8 13. Ne5 Bd7 14. Na4 Ne4 15. Nb6 Bxe5 16. Bxe5 {½-½ (38) Viennois,R (1981)-Anselin,D (1499) Europe Chess INT 2020}) 9... Bd7 $11 {The position is equal.} 10. Ne5 Nxe5 11. dxe5 Ne4 12. Nxe4 dxe4 13. O-O a6 ({Black should play} 13... Bxb5 $11 14. Qxb5+ {[%mdl 64] Double Attack} Qd7 15. Qxd7+ Kxd7) 14. Bxd7+ $14 Qxd7 15. Qxe4 O-O 16. Be3 Qc7 17. f4 $36 {[%mdl 2048] White is really pushing.} Rfd8 18. Rfd1 Rac8 19. b4 Rd7 (19... Bf8 $16 20. a3 Ra8) 20. Rd6 $18 Bf8 21. Rad1 Rcd8 $2 (21... Bxd6 {is a better defense.} 22. exd6 Qd8) 22. Bd4 (22. Qd4 $142 {[%cal Rd6d7]} Rxd6 23. cxd6) 22... Qc8 (22... Re7 $142 23. Bc3 Ree8) 23. Qe3 (23. Bb2 $142 f6 24. Qc4 (24. exf6 Bxd6 25. Qxe6+ {[%mdl 64] Double Attack} Rf7 $16) 24... Rxd6 25. exd6 Rxd6 26. Rxd6 Bxd6 27. Bxf6) 23... Bxd6 $2 (23... Re8 {is tougher.} 24. Bb2 Bxd6 25. exd6 Qd8) 24. exd6 {[#] Qe5 is the strong threat.} ({Stronger than} 24. cxd6 Qc2 $11) 24... f6 25. Qxe6+ (25. Bxf6 $142 Re8 26. Bb2) 25... Rf7 26. Qd5 {And now Bxf6 would win.} Qc6 27. Qxc6 bxc6 {[%mdl 4096] Endgame KRR-KRB} 28. Re1 (28. a4 $142) 28... Kf8 29. Kf2 Re8 30. Rd1 (30. a4 $16) 30... Re4 $14 31. g3 ({White should try} 31. Kf3 $14 f5 32. a4) 31... f5 32. a3 Rd7 33. Kf3 Kf7 34. g4 Ke6 35. h4 h5 36. gxh5 gxh5 37. Be5 Rc4 38. Rd3 Rc2 39. Re3 Kd5 (39... Rf7 $11) 40. Rd3+ (40. Bf6 $16 {Strongly threatening Re7.} Kc4 41. Re7) 40... Kc4 $11 41. Re3 Kd5 (41... Rf7 $11) 42. Bf6 $16 {Threatens to win with Re7.} Rg2 $2 {[%mdl 8192] [#] This costs Black the game.} (42... Kc4 $16) 43. Kxg2 {KRB-KR. White mates.} Rf7 44. Be5 Rf8 45. Kf3 Rg8 46. Re2 Kc4 47. Rd2 Kb5 48. d7 Rd8 49. Bf6 Rxd7 50. Rxd7 Ka4 51. Rd3 Kb5 52. Rc3 a5 53. bxa5 Kxa5 54. Ke3 Ka4 55. Kd4 Kb5 56. Rb3+ Ka4 57. Kc4 Ka5 58. Bd8+ Ka6 59. Rb6+ Ka7 60. Rb4 Ka8 61. Ba5 Ka7 62. Bc7 Ka6 63. Rb6+ Ka7 64. Rxc6 Ka8 65. Rb6 Ka7 66. a4 {[%cal Ba3a4,Ba4a5][%mdl 32]} Ka8 67. Kb5 Ka7 68. a5 Ka8 69. Kc6 {[%cal Rb6a6]} Ka7 70. Kd7 Ka8 71. Kc8 {[%cal Rb6a6]} Ka7 72. Bb8+ Ka8 73. Ra6# {Accuracy: White = 57%, Black = 49%.} 1-0

[Event "Stay Safe Play From Home 347"]
[Site "Emanuel Lasker Arena"]
[Date "2020.07.31"]
[Round "3"]
[White "SelamiSahin"]
[Black "Edmatuag"]
[Result "1-0"]
[WhiteElo "2152"]
[BlackElo "1732"]
[PlyCount "79"]
[EventDate "2020.07.31"]
[EventType "swiss (blitz)"]

1. d4 {[%emt 0:00:02]} d6 {[%emt 0:00:00]} 2. c4 {[%emt 0:00:00]} c6 {[%emt 0:00:00]} 3. Nc3 {[%emt 0:00:00]} Nd7 {[%emt 0:00:00]} 4. e4 {[%emt 0:00:00]} Qc7 {[%emt 0:00:00]} 5. Be2 {[%emt 0:00:00]} a6 {[%emt 0:00:00]} 6. Be3 {[%emt 0:00:01]} e5 {[%emt 0:00:00]} 7. Nf3 {[%emt 0:00:00]} g6 {[%emt 0:00:00]} 8. O-O {[%emt 0:00:01]} Bg7 {[%emt 0:00:01]} 9. Qd2 {[%emt 0:00:00]} f6 {[%emt 0:00:04]} 10. Rfe1 {[%emt 0:00:01]} Nf8 {[%emt 0:00:01]} 11. Rad1 {[%emt 0:00:01]} Ne6 {[%emt 0:00:01]} 12. d5 {[%emt 0:00:01]} Nc5 {[%emt 0:00:03]} 13. Bxc5 {[%emt 0:00:01]} dxc5 {[%emt 0:00:01]} 14. d6 {[%emt 0:00:00]} Qd7 {[%emt 0:00:01]} 15. Na4 {[%emt 0:00:00]} Qe6 {[%emt 0:00:05]} 16. Nxc5 {[%emt 0:00:01]} Qf7 {[%emt 0:00:04]} 17. d7+ {[%emt 0:00:00]} Bxd7 {[%emt 0:00:01]} 18. Qxd7+ {[%emt 0:00:00]} Qxd7 {[%emt 0:00:01]} 19. Rxd7 {[%emt 0:00:00]} b6 {[%emt 0:00:02]} 20. Rxg7 {[%emt 0:00:01]} bxc5 {[%emt 0:00:01]} 21. Rc7 {[%emt 0:00:01]} Ne7 {[%emt 0:00:02]} 22. Rd1 {[%emt 0:00:00]} Rd8 {[%emt 0:00:04]} 23. Rxd8+ {[%emt 0:00:02]} Kxd8 {[%emt 0:00:00]} 24. Ra7 {[%emt 0:00:01]} Nc8 {[%emt 0:00:01]} 25. Rxa6 {[%emt 0:00:03]} Kc7 {[%emt 0:00:00]} 26. Ra3 {[%emt 0:00:01]} Nd6 {[%emt 0:00:04]} 27. Nd2 {[%emt 0:00:03]} f5 {[%emt 0:00:02]} 28. exf5 {[%emt 0:00:01]} gxf5 {[%emt 0:00:00]} 29. Rd3 {[%emt 0:00:01]} e4 {[%emt 0:00:00]} 30. Rg3 {[%emt 0:00:02]} Rd8 {[%emt 0:00:02]} 31. Kf1 {[%emt 0:00:03]} Nf7 {[%emt 0:00:03]} 32. Rg7 {[%emt 0:00:02]} Rd7 {[%emt 0:00:00]} 33. Bh5 {[%emt 0:00:01]} Ne5 {[%emt 0:00:01]} 34. Rxd7+ {[%emt 0:00:01]} Nxd7 {[%emt 0:00:01]} 35. Be2 {[%emt 0:00:00]} Ne5 {[%emt 0:00:01]} 36. a3 {[%emt 0:00:01]} Kb6 {[%emt 0:00:01]} 37. b4 {[%emt 0:00:01]} cxb4 {[%emt 0:00:01]} 38. axb4 {[%emt 0:00:00]} Ng6 {[%emt 0:00:03]} 39. g3 {[%emt 0:00:01]} Nf4 {[%emt 0:00:00]} 40. gxf4 {[%emt 0:00:01] Edmatuag resigns (Lag: Av=0.72s, max=1.3s)} 1-0

[Event "Stay Safe Play From Home 347"]
[Site "Emanuel Lasker Arena"]
[Date "2020.07.31"]
[Round "3"]
[White "Stefanone"]
[Black "Little champs"]
[Result "0-1"]
[WhiteElo "2058"]
[BlackElo "2162"]
[Annotator "TA"]
[PlyCount "52"]
[EventDate "2020.07.31"]
[EventType "swiss (blitz)"]

{[%evp 11,52,-24,0,-11,0,-23,0,0,0,-6,-5,-37,-33,-35,81,72,166,-1,-22,-69,-75,-60,-17,-84,-84,-78,-77,-129,-121,-126,-115,-169,-129,-152,-153,-167,-10,-164,-160,-165,-154,-823,-806]} 1. d4 e6 2. e3 d5 3. f4 c5 4. Nf3 Nc6 5. c3 Nf6 6. Bd3 Be7 7. Qe2 {D00: 1 d4 d5: Unusual lines.} O-O {[#]} 8. Ne5 $146 ({Predecessor:} 8. O-O Re8 9. Nbd2 Qc7 10. Ne5 a6 11. Ndf3 c4 12. Bc2 b5 13. a3 Bb7 14. Bd2 Ne4 15. Nxc6 Bxc6 16. Ne5 f6 17. Nf3 Bd6 18. Rae1 {0-1 (37) Gerstmann,S (1396)-Kaiser,M (1812) Leipzig 2005}) 8... Nxe5 9. fxe5 {The position is equal.} Nd7 10. O-O f6 11. exf6 (11. Qg4 {keeps more tension.} f5 12. Qh3 Nb8 13. b3 Bd7 14. g4) 11... Bxf6 12. Nd2 Qc7 (12... e5 $1 $15 {keeps the upper hand.}) 13. Nf3 $16 b6 {[#]} (13... Be7 $16 {is a better defense.}) 14. Qf2 $2 ({White must play} 14. e4 $1 $18) 14... Bb7 $11 15. Qg3 Qxg3 16. hxg3 e5 (16... Be7 {looks sharper.} 17. Bd2 Rad8 18. a4 Nf6 19. a5 c4) 17. dxe5 (17. Bf5 $11 Bc6 18. Be6+ Kh8 19. Bxd7 Bxd7 20. dxe5) 17... Nxe5 $17 18. Nxe5 Bxe5 19. Bd2 ({White should play} 19. g4) 19... Bxg3 20. Rxf8+ Rxf8 21. Rf1 (21. Be1 $17 {was worth a try.} Be5 22. Rd1) 21... Re8 22. Rf3 Bd6 23. Rh3 Bc8 $2 {[#]} (23... g6 $19 {aiming for ...Bc6.} 24. Bb5 Re5) 24. Rf3 $2 (24. Bxh7+ $11 Kf8 25. Rf3+ Ke7 26. Bg6) 24... Bg4 25. Rf1 c4 26. Rc1 $2 (26. Bf5 $17 Bxf5 27. Rxf5) 26... cxd3 {Accuracy: White = 45%, Black = 58%.} 0-1

[Event "Stay Safe Play From Home 347"]
[Site "Emanuel Lasker Arena"]
[Date "2020.07.31"]
[Round "3"]
[White "Hickey"]
[Black "Mepe_Nika"]
[Result "1-0"]
[WhiteElo "2036"]
[BlackElo "2403"]
[Annotator "TA"]
[PlyCount "89"]
[EventDate "2020.07.31"]
[EventType "swiss (blitz)"]

{[%evp 10,88,18,-2,-4,-8,35,30,38,20,37,16,46,29,132,123,128,126,173,179,282,270,284,222,279,277,261,189,217,200,241,230,234,47,310,302,317,316,582,553,1050,1030,1329,1311,1537,1436,2190,1842,2681,2010,2248,1008,5260,5260,29991,5727,29989,29990,29992,29989,29991,29992,29994,29993,29993,29994,29994,29991,29996,29995,29997,29997,29997,29998,29999,29998,29998,29999,29999,29999,29999]} 1. Nf3 d5 2. g3 g6 3. Bg2 Bg7 4. O-O e5 5. d3 Ne7 6. c4 dxc4 {A07: Réti Opening: New York and Capablanca Systems.} 7. dxc4 Qxd1 (7... O-O {with more complications.} 8. e4 Nbc6 9. Nc3 Bg4 10. h3 Bxf3 11. Qxf3 Nd4) 8. Rxd1 Nbc6 {White has an edge.} 9. Nc3 O-O {[#]} 10. Nd5 $146 ({Predecessor:} 10. Nb5 Bf5 11. Nh4 a6 12. Nxf5 axb5 13. cxb5 Nxf5 14. bxc6 bxc6 15. Bxc6 Ra6 16. Be4 {1-0 (37) Barcia Mon,C (2000)-Ramon Losada,D Ortigueira 2005}) 10... Nxd5 11. cxd5 Nd4 (11... Nb4 $11) 12. Nxd4 $16 exd4 13. Bf4 $1 Re8 {[#]} 14. Bf3 $1 Re7 (14... g5 $142) 15. Rac1 $18 Bf5 16. Rxc7 Rae8 17. Rxe7 Rxe7 18. Kf1 h5 19. h4 Bf6 20. b3 Rd7 21. e3 $2 (21. Ke1 $18) 21... Kf8 $2 {[%mdl 8192] Loses the game.} (21... Bc2 $1 $14) 22. e4 ({Don't do} 22. exd4 $6 Be7 $18) 22... Bh3+ 23. Bg2 Bg4 $2 (23... Bxg2+ 24. Kxg2 Bg7) 24. f3 g5 25. hxg5 Bg7 26. fxg4 hxg4 27. e5 d3 28. Rxd3 Rc7 29. Be4 Rc2 30. Rd2 Rc1+ 31. Ke2 Rg1 32. Bf5 (32. d6 $142 Ke8 33. g6 Rg2+ 34. Bxg2 Kd7 35. gxf7 a6 {[#]} 36. e6+ $1 {[%mdl 576] Promotion} Kxe6 37. d7) 32... f6 33. gxf6 {White mates.} Bh8 34. Bxg4 Rg2+ 35. Kf3 Rg1 36. Rc2 Kf7 37. Be6+ Kg6 38. Rc8 b5 39. Kg4 a5 40. Rg8+ Kh7 41. f7 {[%cal Re6f5]} Rh1 42. f8=Q {[%cal Rf8f5]} Rh4+ 43. gxh4 {[%csl Gf4][%cal Rf8h6]} Bxe5 44. Qf7+ Bg7 45. Qxg7# {Accuracy: White = 67%, Black = 24%.} 1-0

[Event "Stay Safe Play From Home 347"]
[Site "Emanuel Lasker Arena"]
[Date "2020.07.31"]
[Round "3"]
[White "Padmaesh M K"]
[Black "Buzaglo"]
[Result "0-1"]
[WhiteElo "1872"]
[BlackElo "1838"]
[Annotator "NA"]
[PlyCount "114"]
[EventDate "2020.07.31"]
[EventType "swiss (blitz)"]

1. Nf3 {[%emt 0:00:01]} e6 {[%emt 0:00:00]} 2. g3 {[%emt 0:00:00]} d5 {[%emt 0:00:00]} 3. Bg2 {[%emt 0:00:00]} Nf6 {[%emt 0:00:00]} 4. c4 {[%emt 0:00:01]} c5 {[%emt 0:00:00]} 5. cxd5 {[%emt 0:00:01]} exd5 {[%emt 0:00:00]} 6. d4 {[%emt 0:00:01]} c4 {[%emt 0:00:01]} 7. O-O {[%emt 0:00:02]} Bd6 {[%emt 0:00:01]} 8. Nc3 {[%emt 0:00:01]} O-O {[%emt 0:00:01]} 9. Qc2 {[%emt 0:00:01]} Be6 {[%emt 0:00:01]} 10. Re1 {[%emt 0:00:02]} Nbd7 {[%emt 0:00:01]} 11. e4 {[%emt 0:00:03]} dxe4 {[%emt 0:00:01]} 12. Nxe4 {[%emt 0:00:00]} Nxe4 {[%emt 0:00:00]} 13. Qxe4 {[%emt 0:00:02]} Nf6 {[%emt 0:00:00]} 14. Qe2 {[%emt 0:00:02]} Rc8 {[%emt 0:00:02]} 15. Ne5 {[%emt 0:00:02]} b5 {[%emt 0:00:02]} 16. Bg5 {[%emt 0:00:04]} Be7 {[%emt 0:00:02]} 17. Nc6 {[%emt 0:00:03]} Qd6 {[%emt 0:00:02]} 18. Nxe7+ {[%emt 0:00:01]} Qxe7 {[%emt 0:00:01]} 19. d5 {[%emt 0:00:01]} h6 {[%emt 0:00:06]} 20. Bxf6 {[%emt 0:00:01]} Qxf6 {[%emt 0:00:00]} 21. dxe6 {[%emt 0:00:01]} fxe6 {[%emt 0:00:02]} 22. Qxe6+ {[%emt 0:00:00]} Qxe6 {[%emt 0:00:00]} 23. Rxe6 {[%emt 0:00:00]} Rcd8 {[%emt 0:00:01]} 24. Rae1 {[%emt 0:00:02]} Rd2 {[%emt 0:00:02]} 25. R6e2 {[%emt 0:00:01]} Rfd8 {[%emt 0:00:02]} 26. Bf3 {[%emt 0:00:03]} Kh7 {[%emt 0:00:02]} 27. Kg2 {[%emt 0:00:01]} h5 {[%emt 0:00:02]} 28. Be4+ {[%emt 0:00:00]} g6 {[%emt 0:00:01]} 29. h3 {[%emt 0:00:02]} Kh6 {[%emt 0:00:01]} 30. g4 {[%emt 0:00:01]} hxg4 {[%emt 0:00:01]} 31. hxg4 {[%emt 0:00:01]} R2d4 {[%emt 0:00:00]} 32. f3 {[%emt 0:00:02]} Kg7 {[%emt 0:00:01]} 33. b3 {[%emt 0:00:01]} cxb3 {[%emt 0:00:01]} 34. axb3 {[%emt 0:00:00]} a5 {[%emt 0:00:00]} 35. Ra2 {[%emt 0:00:01]} a4 {[%emt 0:00:01]} 36. bxa4 {[%emt 0:00:01]} bxa4 {[%emt 0:00:00]} 37. Ree2 {[%emt 0:00:01]} Rb8 {[%emt 0:00:02]} 38. Bc6 {[%emt 0:00:01]} Rbb4 {[%emt 0:00:01]} 39. Re7+ {[%emt 0:00:02]} Kf6 {[%emt 0:00:01]} 40. Ree2 {[%emt 0:00:00]} Rdc4 {[%emt 0:00:01]} 41. Be4 {[%emt 0:00:00]} Rd4 {[%emt 0:00:01]} 42. Kf2 {[%emt 0:00:02]} g5 {[%emt 0:00:00]} 43. Red2 {[%emt 0:00:01]} Rdc4 {[%emt 0:00:01]} 44. Rdc2 {[%emt 0:00:01]} Rd4 {[%emt 0:00:01]} 45. Rd2 {[%emt 0:00:01]} Rxd2+ {[%emt 0:00:02]} 46. Rxd2 {[%emt 0:00:01]} a3 {[%emt 0:00:00]} 47. Rd6+ {[%emt 0:00:01]} Ke5 {[%emt 0:00:01]} 48. Ra6 {[%emt 0:00:00]} Rb3 {[%emt 0:00:01]} 49. Kg3 {[%emt 0:00:00]} Rb2 {[%emt 0:00:00]} 50. Bd3 {[%emt 0:00:01]} Rb3 {[%emt 0:00:01]} 51. Be4 {[%emt 0:00:00]} Kd4 {[%emt 0:00:01]} 52. Ra5 {[%emt 0:00:00]} Kc3 {[%emt 0:00:00]} 53. Rc5+ {[%emt 0:00:01]} Kb4 {[%emt 0:00:00]} 54. Rd5 {[%emt 0:00:01]} a2 {[%emt 0:00:00]} 55. Rd1 {[%emt 0:00:01]} Rb1 {[%emt 0:00:00]} 56. Rd4+ {[%emt 0:00:01]} Kc3 {[%emt 0:00:01]} 57. Rd3+ {[%emt 0:00:01]} Kb4 {[%emt 0:00:01] Time (Lag: Av=0.56s, max=1.1s)} 0-1